[Event "Caen Alekhine op-A 22nd"]
[Site "Caen"]
[Date "2012.11.02"]
[Round "3"]
[White "Turmel, Fabien"]
[Black "Goujon, Francis"]
[Result "0-1"]
[WhiteElo "1833"]
[BlackElo "1596"]
[PlyCount "28"]
[EventDate "2012.11.01"]
[EventType "swiss"]
[EventRounds "7"]
[EventCountry "FRA"]
[SourceTitle "EXT 2013"]
[Source "ChessBase"]
[SourceDate "2012.11.22"]
[SourceVersion "1"]
[SourceVersionDate "2012.11.22"]
[SourceQuality "1"]

1. d4 d5 2. c4 e6 3. Nc3 Nf6 4. cxd5 exd5 5. Bg5 c6 6. e3 Bf5 7. Qf3 Qb6 8. Qxf5 Qxb2 9. Qc8+ Ke7 10. Nxd5+ cxd5 11. Rc1 Nc6 12. Qxa8 Ke6 13. Qc8+ Nd7 14. e4 Bb4+ 0-1